| 000 | 01031cab a2200361 4500 | ||
|---|---|---|---|
| 001 | ABS52270 | ||
| 008 | 090401t1995 xxu||||| |||| 00| 0 eng d | ||
| 035 | _a(Sirsi) u69695 | ||
| 041 | _aeng | ||
| 245 | _aMarket report: West End | ||
| 260 | _c1995 | ||
| 350 | _a0 | ||
| 490 |
_aProperty Week _v50(8) 23 February 1995, 36-62(10) |
||
| 650 | _aAIRLINES | ||
| 650 | _aBOND STRETT | ||
| 650 | _aDEMOGRAPHICS | ||
| 650 | _aLONDON | ||
| 650 | _aMENTOR | ||
| 650 | _aOFFICE DEVELOPMENT | ||
| 650 | _aPROPERTY-COMMERCIAL PROPERTY-OFFICE PROPERTY-OFFICE PROPERTY MARKET | ||
| 650 | _aOFFICE RENTS | ||
| 650 | _aPLANNING ISSUES | ||
| 650 | _aREGENT STREET | ||
| 650 | _aRESTAURANTS INSIDE SHOPS | ||
| 650 | _aPROPERTY-COMMERCIAL PROPERTY-RETAIL PROPERTY-RETAIL PROPERTY MARKET | ||
| 650 | _aRETAIL RENTS | ||
| 650 | _aSLOANE STREET | ||
| 650 | _aTRANSPORT ISSUES | ||
| 650 | _aWEST END OF LONDON | ||
| 690 | _aPROPERTY-COMMERCIAL PROPERTY-COMMERCIAL PROPERTY MARKET | ||
| 942 | _n0 | ||
| 948 | _c04/03/1997 | ||
| 999 |
_c43796 _d43796 |
||